| 000 | 00000nam##2200000za#4500 |
| 001 | 9.662471 |
| 003 | CaOODSP |
| 005 | 20210615120554 |
| 007 | ta |
| 008 | 150407|2001||||xxc||||| f|0| 0 eng|d |
| 020 | |a0-662-65458-7 |
| 040 | |aCaOODSP|beng |
| 041 | |aeng |
| 041 | |afre |
| 043 | |an-cn--- |
| 086 | 1 |aE2-212/2001 |
| 110 | 1 |aCanada.|bForeign Affairs and International Trade. |bTrade, Economic and Environmental Policy. |
| 245 | 10|aAgenda 2003 : |ba sustainable development strategy for the Department of Foreign Affairs and International Trade |
| 260 | |aOttawa - Ontario : |bForeign Affairs and International Trade. |c2001. |
| 300 | |aEnglish text, 40p. : |billus. ; |c28 cm. |
| 546 | |aBilingual |
| 563 | |aSoftcover |
| 590 | |a01-10|b2001-03-09 |
| 690 | 07|aEnvironmental management|2gcpds |
| 690 | 07|aTrade policy|2gcpds |
| 690 | 07|aForeign affairs|2gcpds |
| 776 | 0#|tAction 2003 : |w(CaOODSP)9.637887 |
| 776 | 0#|tAgenda 2003 : |w(CaOODSP)9.693713 |
| 792 | |tAction 2003 : |efre|w(CaOODSP)9.662472 |